| 000 | 00680nam a2200193 a 4500 | ||
|---|---|---|---|
| 001 | 000017470 | ||
| 005 | 20200929165125.0 | ||
| 008 | 100325s2006 dr ac r 001 0 spa d | ||
| 040 |
_aDO-SdBNP _bspa _cBNPHU |
||
| 082 |
_a792 _bF418i |
||
| 111 | 1 |
_aFestival internacional de teatro _n5: _d9-19 de nov. _cSanto Domingo _938190 |
|
| 245 | 1 | 0 | _aFestival internacional de teatro Santo Domingo 2006 /. |
| 260 |
_aSanto Domingo : _bSecretaría de Estado de Cultura, _c2006. _fBúho |
||
| 300 |
_a123 p. : _bil., retrs. _b28 cm. |
||
| 650 | 4 |
_aTeatro _xAmérica latina _938191 |
|
| 650 | 4 |
_aTeatro hispanoamericano _938192 |
|
| 650 | 4 |
_aFestivales _938193 |
|
| 650 | 4 |
_aActuación teatral _925438 |
|
| 999 |
_c16995 _d16995 |
||